Sought-after clarification (Record no. 82280)

MARC details
000 -LEADER
fixed length control field 00871cab a22001935a 4500
001 - CONTROL NUMBER
control field L149781
008 - FIXED-LENGTH DATA ELEMENTS--GENERAL INFORMATION
fixed length control field 100423e20101004xxk 000 0 eng d
035 ## - SYSTEM CONTROL NUMBER
System control number (Sirsi) u149781
041 0# - LANGUAGE CODE
Language code of text/sound track or separate title eng
100 1# - MAIN ENTRY--PERSONAL NAME
Personal name Molloy, Paddy
245 00 - TITLE STATEMENT
Title Sought-after clarification
260 ## - PUBLICATION, DISTRIBUTION, ETC.
Date of publication, distribution, etc. 2010
490 ## - SERIES STATEMENT
Series statement Estates Gazette
Volume/sequential designation (1014) 10 April 2010, 99-100(2)
520 ## - SUMMARY, ETC.
Summary, etc. Background to the fifth edition of the RICS Dilapidations Guidance Note which came into effect in 2008. Mentions that more guidance was needed in response to the rules governing civil procedure which came into force in 1999. Advises surveyors to read the opinion and guidance carefully as it will assist them in discharging instructions in a commercially focused way.
590 ## - LOCAL NOTE (RLIN)
Local note KA
651 #4 - SUBJECT ADDED ENTRY--GEOGRAPHIC NAME
Geographic name ENGLAND AND WALES
690 ## - LOCAL SUBJECT ADDED ENTRY--TOPICAL TERM (OCLC, RLIN)
Topical term or geographic name as entry element BUILT ENVIRONMENT-BUILDING SURVEYING-DILAPIDATIONS SURVEYING
942 ## - ADDED ENTRY ELEMENTS (KOHA)
Suppress in OPAC 0
Holdings
Withdrawn status Lost status Source of classification or shelving scheme Damaged status Not for loan Home library Current library Shelving location Date acquired Total Checkouts Full call number Barcode Date last seen Copy number Price effective from Koha item type
    Dewey Decimal Classification     London London Journal article 23/04/2010   L149781 149781-1001 06/08/2019 1 06/08/2019 Journal article